Statistics for Tokio Hotel - Pain of Love

Click here to take the quiz!

General Stats

  • This quiz has been taken 36 times
  • The average score is 263 of 300

Answer Stats

Answer% Correct
love
100%
of
100%
pain
100%
The
100%
the
100%
us
100%
we
100%
We
100%
a
96%
be
96%
will
96%
Belong
92%
belong
92%
Don't
92%
don't
92%
For
92%
never
92%
And
88%
and
88%
anyone
88%
forever
88%
go
88%
on
88%
our
88%
to
88%
celebrate
84%
in
84%
me
84%
promise
84%
Promise
84%
stop
84%
you
84%
all
80%
are
80%
break
80%
need
80%
up
80%
your
80%
it
76%
It
76%
last
76%
own
76%
together
76%
can
72%
creation
72%
won't
72%
climb
68%
drama
68%
hearts
68%
mountains
68%
salvation
68%
this
68%
We'll
68%
hammer
64%
hits
64%
let
64%
like
64%
ocean
64%
deeper
60%
It's
60%
it's
60%
lives
60%
make
60%
So
60%
than
60%
dark
56%
deserts
56%
motion
56%
pact
56%
slow
56%
take
56%
Walk
56%
can't
52%
feel
52%
Let's
52%
tonight
52%
waits
52%
forgiven
48%
off
48%
crush
44%
want
44%
not
40%
touch
40%
turn
36%
living
32%
Without
28%
worth
28%

Score Distribution

Percentile by Number Answered

Percent of People with Each Score

Your Score History

You have not taken this quiz